Country Facts - Sudden Death - Statistics

General Stats
  • This quiz has been taken 45 times
  • The average score is 4 of 15
Answers on the Grid
Answers color-coded by a green-red scale on the quiz's grid according to % correct below.
Peru
capital is Lima
population is more than 100 million
is famous for the drink, Inca Cola
Jamaica
capital is Port-au-Prince
population is more than 5 million
birth of Usain Bolt
Mali
capital is Ngerulmud
population is more than 22 million
not landlocked
Bangladesh
capital is Dhaka
population more than 150 million
national animal is Royal Bengal Tiger
Moldova
capital is Vilnius
population is more than 2 million
has the most extensive wine cellars
Antigua and Barbuda
capital is Saint John's
population is more than 91,000
has barely any beaches
Canada
Capital is Quebec
has population more than 57 million
world's third largest country by aread
 
Answer Stats
Answer % Correct
capital is Lima
76%
birth of Usain Bolt
41%
Peru
41%
capital is Dhaka
38%
Bangladesh
31%
is famous for the drink, Inca Cola
24%
population more than 150 million
24%
capital is Saint John's
21%
Antigua and Barbuda
10%
has the most extensive wine cellars
10%
Moldova
10%
national animal is Royal Bengal Tiger
10%
population is more than 22 million
10%
population is more than 2 million
10%
population is more than 91,000
3%
No matching quizzes found
Score Distribution
Percent of People with Each Score
Percentile by Number Answered
Your Score History
You have not taken this quiz